000 00454 a2200169 4500
003 Nust
005 20230329111245.0
040 _cNust
082 _a891.439,BUS
100 _aRehman , Bushra
_9110083
245 _aBarah e Rast: Safarnama / براہ راست: سفرنامہ /
_cBushra Rehman
260 _aLahore
_b Danyail
300 _a319:p
538 _aAlmirah No.67, Shelf No.1
650 _aUrdu Adab
_977031
942 _2ddc
_cBK
_k891.439,BUS
999 _c187904
_d187904